| 000 | 02055nam a2200421 i 4500 | ||
|---|---|---|---|
| 001 | 768714001 | ||
| 003 | CO-MdFUSB | ||
| 005 | 20260407153630.0 | ||
| 007 | ta | ||
| 008 | 250904t1983 -uk |||g |||| 00| 0 eng d | ||
| 020 | _a0-691-02026-4 | ||
| 040 |
_aCO-MdFUSB _bspa _cCO-MdFUSB _dCO-MdFUSBC _erda |
||
| 041 | _aeng | ||
| 082 |
_223 _a190 _bC645 |
||
| 100 |
_aKierkegaard, Søren, _eautor _d1813–1855 |
||
| 245 |
_aFear and trembling : _brepetition _c/ Søren Kierkegaard ; editado y traducido por Howard V. Hong y Edna H. Hong |
||
| 264 | 1 |
_aPrinceton, New Jersey : _bPrinceton University Press, _c[1983] |
|
| 264 | 4 | _c©1983 | |
| 300 |
_a420 páginas _c; 22 cm |
||
| 336 |
_2rdacontent _atexto _btxt |
||
| 337 |
_2rdamedia _asin mediación _bn |
||
| 338 |
_2rdacarrier _avolumen _bnc |
||
| 500 | _aTabla de contenido traducida por agencia catalogadora | ||
| 501 | _aEdición académica que reúne dos obras fundamentales del pensamiento existencial cristiano: Fear and Trembling y Repetition. | ||
| 504 | _aNotas bibliográficas páginas 391 | ||
| 505 | _aTemor y temblor / Johannes de Silentio -- Prefacio -- Exordio -- Elogio a Abraham -- Problemata -- Expectoración preliminar -- Problema I: ¿Existe una suspensión teleológica de lo ético? -- Problema II: ¿Existe un deber absoluto hacia Dios? -- Problema III: ¿Fue éticamente defendible que Abraham ocultara su empresa a Sara, a Eliezer y a Isaac? -- Epílogo -- Repetición / Constantin Constantius -- Informe -- Repetición -- Cartas del joven del 15 de agosto al 17 de febrero -- Observaciones incidentales -- Carta del joven -- Al Sr. X, Esq. -- Carta final | ||
| 563 | _arústico | ||
| 650 | 7 |
_aFilosofía _97168 |
|
| 653 | _aFilosofía existencial | ||
| 653 | _aFe y razón | ||
| 653 | _aÉtica religiosa | ||
| 653 | _aKierkegaard, Søren — Pensamiento | ||
| 700 |
_aHong, Howard V. _911923 _eeditor _etraductor |
||
| 700 |
_aHong, Edna H., _911924 _eeditor _etraductor |
||
| 942 | _cBK | ||
| 945 | _aEstudiante Juan Pablo Eusse | ||
| 999 |
_c71426 _d71426 |
||